000
00320nam a2200109Ia 4500
008
231129s2015 xx 000 0 und d
041
_a
eng
100
_a
Brandon eley
245
_a
The Art & Science of online marketing
250
_a
2015 Ed
260
_a
Shroff Publishers Ltd. Mumbai
_b
Shroff Publishers Ltd. Mumbai
_c
2015
999
_c
941556
_d
941556